Name That Sitcom Quiz Stats

 Plays Quiz Updated Aug 20, 2012

     
Support Sporcle.
Go Orange.
Score 0/40 Timer 06:00
38 Plays Today
Characters Show % Correct
George, Elaine, KramerSeinfeld
91.9%
Ross, Rachel, Joey, and ChandlerFriends
90.6%
Lucy Ricardo, Ricky Ricardo, Ethel MertzI Love Lucy
79%
Carlton Banks, Geoffrey, William SmithThe Fresh Prince of Bel-Air
78.3%
Dan Conner, Roseanne Conner, Jackie HarrisRoseanne
75.7%
Richie Cunningham, Potsie Weber, Arthur FonzarelliHappy Days
75.2%
Lurch, Morticia, PugsleyThe Addams Family
75%
Lovey Howell, Ginger Grant, The SkipperGilligan's Island
74.7%
Eddie Haskell, June Cleaver, Ward CleaverLeave it to Beaver
73%
Raymond Barone, Marie Barone, Robert Barone, Everybody Loves Raymond
72.4%
Dorothy, Blanche, Rose and SophiaGolden Girls
69.8%
Al Bundy, Peggy Bundy, Bud BundyMarried... With Children
68.6%
Sammy, Diane, CliffCheers
67.1%
Daphne Moon, Niles Crane, Roz DoyleFrasier
66.8%
Michael Scott, Dwight Schrute, Pam BeeslyThe Office
66%
Archie Bunker, Edith Bunker, Michael 'Meathead' StivicAll in the Family
65%
Jack, Janet, ChrissyThree's Company
64.6%
Dr. Christopher Turk, Janitor, Dr. Perry CoxScrubs
61.6%
Jed Clampett, Jethro Bodine, Milburn DrysdaleThe Beverly Hillbillies
61.3%
Tim Taylor, Al Borland, Wilson Wilson, Jr.Home Improvement
60.6%
Characters Show % Correct
Felix Unger, Oscar MadisonThe Odd Couple
51.4%
Alex P. Keaton, Elyse Keaton, Steven KeatonFamily Ties
51.2%
Ted Mosby, Barney Stinson, Marshall EriksenHow I Met Your Mother
50.1%
Liz Lemon, Jack Donaghy, Tracy Jordan30 Rock
49.9%
Blair, Jo, Natalie, Tootie, and Mrs. GarrettThe Facts of Life
47.8%
Ralph Kramden, Alice Kramden, Ed Norton The Honeymooners
46.6%
Louie De Palma, Alex Reiger, Latka GravasTaxi
46.5%
Judge Harry Stone, Dan Fielding, 'Bull' ShannonNight Court
45.6%
Karen Walker, Jack McFarland, Will TrumanWill & Grace
45.4%
Andrew 'Squiggy' Squiggmann, Leonard 'Lenny' KosnowskiLaverne & Shirley
45.2%
Doug Heffernan, Carrie Heffernan, Arthur SpoonerKing of Queens
44.2%
Hal, Reese, Dewey, Francis, LoisMalcolm in the Middle
36.4%
Michael Bluth, Tobias Fünke, George 'Gob' Bluth IIArrested Development
35.3%
Col. Wilhelm Klink, Sgt. Hans Georg Schultz, Cpl. Louis LeBeauHogan's Heroes
34.3%
Herb Tarlek, Les Nessman, Dr. Johnny FeverWKRP in Cincinnati
33.9%
Dr. Robert 'Bob' Hartley, Dr. Jerry Robinson, Howard BordenThe Bob Newhart Show
30.8%
Balki Bartokomous, Larry AppletonPerfect Strangers
29.1%
Joe Hackett, Helen Chapel, Antonio ScarpacciWings
24.5%
Miles Silverberg, Corky Sherwood, Frank FontanaMurphy Brown
22.1%
Dave Nelson, Jimmy James, Bill McNealNewsRadio
12.2%

From the Vault

10 to 1: Pre-Columbian Americas

by Bratista

History 10m
A nice reminder that the history of the Americas began thousands of years before 1492.
Remove Ads.
Support Sporcle.
Get the best of Sporcle when you Go Orange. This ad-free experience offers more features, more stats, and more fun while also helping to support Sporcle. Thank you for becoming a member.

Show Comments

Extras

Top Quizzes Today


Score Distribution

Your Account Isn't Verified!

In order to create a playlist on Sporcle, you need to verify the email address you used during registration. Go to your Sporcle Settings to finish the process.

Report this User

Report this user for behavior that violates our Community Guidelines.

Details: